00767nam a22002057a 4500003000900000008004100009040007100050082001900121100002100140245003900161260003300200300005100233505013000284650002400414650002100438650001300459700003800472710003900510710001200549AR-CdUCM190517b ||||| |||| 00| 0 spa d aMUNICIPALIDAD PROVINCIAL DEL CUSCOcBIBLIOTECA MUNICIPAL DEL CUSCO a539.76 /bEF27 aEfron, Alexander aEl mundo de la energía nuclear / aBuenos Aires :bBell,c1971. aVI, 95 páginas ;bretratos, figuras,c23 cm. aContenido: Anatomía de la materia -- Introducción al átomo -- Energía nuclear -- Un enfoque mas avanzado del átomo. aEnergía atómica aFísica nuclear aÁtomos aJauregui, Jorge R. (traducción) aCentro Regional de Ayuda Técnica aA.D.I.